000 00394nam a22001697a 4500
003 OSt
005 20211202145637.0
008 211202b |||||||| |||| 00| 0 eng d
020 _a0761971416
040 _cHU
082 _a657.3
100 _aHIGSON ANDREW
_921548
245 _aCORPORATE FINANCIAL REPORTING
260 _aLONDON
_bNEW Delhi
_c2009
300 _a228
942 _2ddc
_cBOOKS
_n0
999 _c21192
_d21192